000 00871nam a22002897i 4500
003 DO-SdBNP
005 20250807100011.0
007 ta
008 211110b2014 dr ||||| |||| 00| 0 eng d
020 _a9789945589153
040 _aDO-SdBNP
_bspa
_cBNPHU
_erda
041 _aspa
082 4 _aRD863.44
_bM632e
_222
100 1 _aMieses, Juan Carlos,
_d1947-
_eautor
_925472
245 1 3 _aEl día de todos /
_cJuan Carlos Mieses.
264 _aSanto Domingo :
_bSantuario,
_c2014.
300 _a163 páginas ;
_c23 cm.
336 _ardacontent
_btexto
_2txt
337 _ardamedia
_bsin mediación
_2n
338 _ardacarrier
_bvolumen
_2nc
500 _aIncluye datos biográficos del autor en las solapas
590 _aInventariado, 2021/BT
650 0 _aNovela dominicana
_9223
650 4 _aLiteratura dominicana
_980567
910 _aBtavárez.
942 _2ddc
_cLBS1
999 _c50917
_d50917